01150cam a22003375a 4500999001700000001001000017003000900027005001700036008004100053020001500094020001800109040003100127082002000158100004600178245008500224250001900309264005600328264001000384300004700394336002600441337002800467338002700495500002500522504005100547650003400598651001000632653002200642655002400664942001200688952011200700 c26039d26011010029269EG-ScBUE20201128024231.0920129t1989 nyua f b 001 0 eng d a0075551349 a9780075551348 aUkbengerdacUkdEG-ScBUE04a808.51bLUC2221 aLucas, Stephen,‏d1946-eauthor.91260814aThe art of public speaking /cStephen E. Lucas, University of Wisconsin-Madison. aThird edition. 1aNew York :bMcGraw-Hill Publishing Company,c[1989] 4cc1989 axviii, 414 pages :billustrations ;c24 cm 2rdacontentatextbtxt 2rdamediaaunmediatedbn 2rdacarrieravolumebnc aIncludes appendices. aIncludes bibliographical references and index. 7aPublic speaking.2BUEsh91867 2BUEsh1 bGGENcJanuary2018 vReading book934232 2ddccBB 00102ddc4070aMAINbMAINc2NDd2018-01-29l0o808.51 LUCp000047201r2025-07-15 00:00:00w2018-01-29yBB